[Event "GER-ch U18 sf Berlin Online"]
[Site "Playchess.com INT"]
[Date "2020.05.01"]
[Round "10"]
[White "Jung, Paul"]
[Black "Vassiliou, Leander"]
[Result "0-1"]
[WhiteElo "1620"]
[BlackElo "1344"]
[PlyCount "110"]
[EventDate "2020.05.01"]
[EventType "swiss (blitz)"]
[EventRounds "13"]
[EventCountry "GER"]
[SourceTitle "CBM 195 Extra"]
[Source "ChessBase"]
[SourceDate "2020.05.31"]
[SourceVersion "1"]
[SourceVersionDate "2020.05.31"]
[SourceQuality "1"]

1. e4 c5 2. Nc3 e6 3. d3 d5 4. e5 Nc6 5. Be3 Nxe5 6. d4 cxd4 7. Bxd4 Nc6 8. Bd3 Nxd4 9. Bb5+ Nxb5 10. Nxb5 Bd7 11. Nc3 Nf6 12. Nf3 Bb4 13. 0-0 Bxc3 14. bxc3 0-0 15. Qd4 Bc6 16. Qb4 Qc7 17. c4 dxc4 18. Qxc4 Rac8 19. Qb3 Bxf3 20. gxf3 Rfd8 21. Qa4 Qc6 22. Qxc6 Rxc6 23. Rad1 Rcd6 24. Rxd6 Rxd6 25. Rb1 b6 26. Rb4 h6 27. Rc4 Kh7 28. Rc7 Rd2 29. Rxf7 Rxc2 30. Rxa7 Rb2 31. a4 b5 32. axb5 Rxb5 33. Ra6 Re5 34. f4 Rf5 35. Rxe6 Rxf4 36. Re5 Kg6 37. Re3 h5 38. Rg3+ Rg4 39. Rxg4+ Nxg4 40. h3 Ne5 41. Kg2 Kf5 42. Kg3 g5 43. h4 g4 44. f3 gxf3 45. Kf2 Kg4 46. Ke3 Kg3 47. Ke4 f2 48. Kxe5 f1Q 49. Ke6 Qf4 50. Ke7 Qf5 51. Ke8 Qh7 52. Kf8 Kf4 53. Ke8 Ke5 54. Kf8 Kf6 55. Ke8 Qe7# 0-1

[Event "GER-ch U18 sf Berlin Online"]
[Site "Playchess.com INT"]
[Date "2020.05.01"]
[Round "6"]
[White "Widiker, Vincent"]
[Black "Jung, Paul"]
[Result "0-1"]
[WhiteElo "1620"]
[BlackElo "1620"]
[PlyCount "42"]
[EventDate "2020.05.01"]
[EventType "swiss (blitz)"]
[EventRounds "13"]
[EventCountry "GER"]
[SourceTitle "CBM 195 Extra"]
[Source "ChessBase"]
[SourceDate "2020.05.31"]
[SourceVersion "1"]
[SourceVersionDate "2020.05.31"]
[SourceQuality "1"]

1. e4 e5 2. Qh5 Nf6 3. Qxe5+ Be7 4. d4 d5 5. exd5 Nxd5 6. Qxg7 Bf6 7. Qg3 Be6 8. Nc3 Nb4 9. Rb1 Nxc2+ 10. Kd1 Nxd4 11. Nb5 Nxb5+ 12. Bd2 Nd4 13. Qd3 Bf5 14. Qe3+ Be7 15. Qe5 Rg8 16. Bb5+ c6 17. Ba4 Bxb1 18. Ba5 Nb3+ 19. Ke1 Nxa5 20. Qh5 Rg7 21. Qh6 Bf8 0-1